Τα θαυμάσια της δημιουργίας

Saved in:
Bibliographic Details
Corporate Author: Αδελφότης Θεολόγων η <<Ζωή
Format: Book
Language:Greek
Published: Αθήναι : Αδελφότης θεολόγων η <<Ζωή>>, 1953-
Subjects:
Tags: Add Tag
No Tags, Be the first to tag this record!

MARC

LEADER 00000cam a2200000 i 4500
001 1/92441
008 080827m19539999 gre d
035 |l 10099629 
040 |a GR-MY-UA  |b gre  |e aacr 
041 0 |a gre 
082 0 |a 231.7  |2 (22) 
110 2 |a Αδελφότης Θεολόγων η <<Ζωή. 
245 1 3 |a Τα θαυμάσια της δημιουργίας /  |c Αδελφότης θεολόγων η <<Ζωή>> 
260 |a Αθήναι :   |b Αδελφότης θεολόγων η <<Ζωή>>,   |c 1953- 
300 |a ...τ.;  |c 22 εκ. 
505 0 |a Τ.1. Ο ήλιος - τα φυτά - η καρδιά 
650 0 0 |a Creation  |x Philosophy. 
650 0 0 |a Nature  |x Religious aspects  |x Christianity. 
650 0 0 |a Evolution (Biology)  |x Religious aspects  |x Christianity. 
650 0 0 |a Religion and science. 
852 |a INST  |b RHODES  |c AKA  |e 20080827  |h  231.7 ΑΔΕ  |p 005400027442  |q 005400027442  |t BK  |y 0 
901 |a BIBL4-2008-2 
909 |a Ρ  |b 152776 
970 |a ΧΑΡΙΟΠΟΛΙΤΟΥ  |b ΚΩΝΣΤΑΝΤΙΝΑ  |z 2008/08/27